Развертки конические. Конструкция и размеры; ГОСТ 10082-71 Развертки конические конусностью 1:30 с коническим хвостовиком. Конструкция и размеры; ГОСТ 11182-71 Развертки конические с цилиндрическим хвостовиком под конусы Морзе. Конструкция и размеры; ГОСТ 11181-71 Развертки конические под укороченные конусы Морзе. Конструкция и размеры; ГОСТ 10079-71 Развертки конические с коническим хвостовиком под конусы Морзе. Конструкция и размеры; ГОСТ 11183-71 Развертки конические с цилиндрическим хвостовиком под метрические конусы. Конусность 1:20. Конструкция и размеры; ГОСТ 10080-71 Развертки конические с коническим хвостовиком под метрические конусы. Конусность 1:20. Конструкция и размеры; ГОСТ 11180-71 Развертки конические. Конусность 1:7. Конструкция и размеры; ГОСТ 11179-71 Развертки конические. Конусность 1:10. Конструкция и размеры; ГОСТ 6226-71 Развертки под коническую резьбу. Конусность 1:16. Основные размеры
| Korporativna značnica: | |
|---|---|
| Jezik: | ruščina |
| Izdano: |
Москва, Изд-во стандартов, 1985
|
| Izdaja: | Изд. офиц. |
| TOC: | ГОСТ 10082-71 Развертки конические конусностью 1:30 с коническим хвостовиком. Конструкция и размеры; ГОСТ 11182-71 Развертки конические с цилиндрическим хвостовиком под конусы Морзе. Конструкция и размеры; ГОСТ 11181-71 Развертки конические под укороченные конусы Морзе. Конструкция и размеры; ГОСТ 10079-71 Развертки конические с коническим хвостовиком под конусы Морзе. Конструкция и размеры; ГОСТ 11183-71 Развертки конические с цилиндрическим хвостовиком под метрические конусы. Конусность 1:20. Конструкция и размеры; ГОСТ 10080-71 Развертки конические с коническим хвостовиком под метрические конусы. Конусность 1:20. Конструкция и размеры; ГОСТ 11180-71 Развертки конические. Конусность 1:7. Конструкция и размеры; ГОСТ 11179-71 Развертки конические. Конусность 1:10. Конструкция и размеры; ГОСТ 6226-71 Развертки под коническую резьбу. Конусность 1:16. Основные размеры; |
| Serija: | Государственные стандарты |
| Teme: | |
| Format: | MixedMaterials Knjiga |
| KOHA link: | https://koha.lib.tpu.ru/cgi-bin/koha/opac-detail.pl?biblionumber=149984 |
MARC
| LEADER | 00000nam0a2200000 4500 | ||
|---|---|---|---|
| 001 | 149984 | ||
| 005 | 20231031150053.0 | ||
| 035 | |a (RuTPU)RU\TPU\book\162595 | ||
| 035 | |a RU\TPU\book\162593 | ||
| 090 | |a 149984 | ||
| 100 | |a 20081224d1985 km y0rusy50 ca | ||
| 101 | 0 | |a rus | |
| 102 | |a RU | ||
| 105 | |a a l 000zy | ||
| 200 | 1 | |a Развертки конические. Конструкция и размеры | |
| 205 | |a Изд. офиц. | ||
| 210 | |a Москва |c Изд-во стандартов |d 1985 | ||
| 215 | |a 47 с. | ||
| 225 | 1 | |a Государственные стандарты | |
| 464 | |t ГОСТ 10082-71 Развертки конические конусностью 1:30 с коническим хвостовиком. Конструкция и размеры | ||
| 464 | |t ГОСТ 11182-71 Развертки конические с цилиндрическим хвостовиком под конусы Морзе. Конструкция и размеры | ||
| 464 | |t ГОСТ 11181-71 Развертки конические под укороченные конусы Морзе. Конструкция и размеры | ||
| 464 | |t ГОСТ 10079-71 Развертки конические с коническим хвостовиком под конусы Морзе. Конструкция и размеры | ||
| 464 | |t ГОСТ 11183-71 Развертки конические с цилиндрическим хвостовиком под метрические конусы. Конусность 1:20. Конструкция и размеры | ||
| 464 | |t ГОСТ 10080-71 Развертки конические с коническим хвостовиком под метрические конусы. Конусность 1:20. Конструкция и размеры | ||
| 464 | |t ГОСТ 11180-71 Развертки конические. Конусность 1:7. Конструкция и размеры | ||
| 464 | |t ГОСТ 11179-71 Развертки конические. Конусность 1:10. Конструкция и размеры | ||
| 464 | |t ГОСТ 6226-71 Развертки под коническую резьбу. Конусность 1:16. Основные размеры | ||
| 610 | 1 | |a ГОСТы | |
| 610 | 1 | |a конструкции | |
| 610 | 1 | |a размеры | |
| 610 | 1 | |a развертки | |
| 610 | 1 | |a конические развертки | |
| 712 | 0 | 1 | |a СССР |b Государственный комитет по стандартам (Госстандарт) |c (1978-1989) |2 stltpush |3 (RuTPU)RU\TPU\col\12454 |
| 801 | 1 | |a RU |b 63413507 |c 20021204 |g PSBO | |
| 801 | 2 | |a RU |b 63413507 |c 20221208 |g PSBO | |
| 942 | |c BK | ||